[Event "Rhein Main op-B 24th"]
[Site "Bad Homburg"]
[Date "2022.06.16"]
[Round "2"]
[White "Ahrends, Norbert"]
[Black "Ma, Tommy"]
[Result "1-0"]
[WhiteElo "1937"]
[BlackElo "1720"]
[PlyCount "59"]
[EventDate "2022.06.15"]
[EventType "swiss"]
[EventRounds "7"]
[EventCountry "GER"]
[SourceTitle "EXT 2023"]
[Source "ChessBase"]
[SourceDate "2022.10.05"]
[SourceVersion "1"]
[SourceVersionDate "2022.10.05"]
[SourceQuality "1"]

1. d4 Nf6 2. c4 e6 3. Nc3 Bb4 4. Qc2 d5 5. a3 Bxc3+ 6. Qxc3 0-0 7. Nf3 dxc4 8. Qxc4 b6 9. g3 Ba6 10. Qc2 Nbd7 11. Bg2 Rc8 12. Qa4 Nb8 13. b4 Ne4 14. Bb2 b5 15. Qc2 Nd6 16. 0-0 Nc4 17. Bc3 Bb7 18. Ng5 Qxg5 19. Bxb7 Rcd8 20. Bg2 f5 21. e3 Qh5 22. a4 Nd6 23. d5 exd5 24. Bxd5+ Kh8 25. Bg2 Rde8 26. Bd4 Na6 27. axb5 Nxb4 28. Qc3 Re6 29. Bxg7+ Kg8 30. Bxf8 1-0

[Event "Rhein Main op-B 21st"]
[Site "Bad Homburg"]
[Date "2018.06.01"]
[Round "4"]
[White "Saluvar, Buelent"]
[Black "Ma, Tommy"]
[Result "0-1"]
[WhiteElo "1772"]
[BlackElo "1596"]
[PlyCount "50"]
[EventDate "2018.05.30"]
[EventType "swiss"]
[EventRounds "7"]
[EventCountry "GER"]
[SourceTitle "EXT 2019"]
[Source "ChessBase"]
[SourceDate "2018.10.10"]
[SourceVersion "1"]
[SourceVersionDate "2018.10.10"]
[SourceQuality "1"]

1. d4 e6 2. c4 d5 3. Nc3 Nf6 4. Nf3 Bb4 5. a3 Bxc3+ 6. bxc3 Nbd7 7. e3 0-0 8. Bd3 b6 9. cxd5 exd5 10. 0-0 c5 11. a4 Re8 12. a5 c4 13. Bf5 b5 14. Qc2 Ne4 15. Bd2 Ndf6 16. Bxc8 Rxc8 17. a6 Qd6 18. h3 Rc6 19. Ra5 Rb8 20. Rb1 Nxd2 21. Qxd2 Rxa6 22. Raxb5 Rxb5 23. Rxb5 Ra1+ 24. Ne1 Ne4 25. Rc5 Qxc5 0-1

[Event "Rhein Main op-B 21st"]
[Site "Bad Homburg"]
[Date "2018.05.31"]
[Round "2"]
[White "Schatz, Hans Ullrich"]
[Black "Ma, Tommy"]
[Result "1/2-1/2"]
[WhiteElo "1986"]
[BlackElo "1596"]
[PlyCount "50"]
[EventDate "2018.05.30"]
[EventType "swiss"]
[EventRounds "7"]
[EventCountry "GER"]
[SourceTitle "EXT 2019"]
[Source "ChessBase"]
[SourceDate "2018.10.10"]
[SourceVersion "1"]
[SourceVersionDate "2018.10.10"]
[SourceQuality "1"]

1. d4 e6 2. c4 d5 3. Nc3 Bb4 4. Qc2 Bxc3+ 5. Qxc3 Nf6 6. Bg5 Nbd7 7. e3 h6 8. Bh4 b6 9. cxd5 exd5 10. Qc6 Rb8 11. Rc1 Qe7 12. Bg3 Ne4 13. a3 Nxg3 14. hxg3 0-0 15. Nf3 Bb7 16. Qa4 c5 17. Be2 cxd4 18. Nxd4 a6 19. b4 b5 20. Qb3 Rbc8 21. 0-0 Ne5 22. Rfd1 Nc4 23. Bf3 Qe5 24. Rc3 Rc7 25. Rcd3 Rd8 1/2-1/2

[Event "Hessen-ch U12"]
[Site "Bad Homburg"]
[Date "2012.??.??"]
[Round "5"]
[White "Ma, Tommy"]
[Black "Khani Alemouti, Elias"]
[Result "0-1"]
[WhiteElo "793"]
[BlackElo "1093"]
[PlyCount "72"]
[EventDate "2012.04.??"]
[EventType "swiss"]
[EventRounds "9"]
[EventCountry "GER"]
[SourceTitle "EXT 2015"]
[Source "ChessBase"]
[SourceDate "2014.11.20"]
[SourceVersion "1"]
[SourceVersionDate "2014.11.20"]
[SourceQuality "1"]

1. d4 d5 2. c4 Nf6 3. cxd5 Qxd5 4. Nc3 Qd8 5. Nf3 e6 6. Bg5 Be7 7. e4 Nc6 8. e5 Nd5 9. Bxe7 Ndxe7 10. Bb5 a6 11. Be2 Nf5 12. d5 exd5 13. Nxd5 Be6 14. Nf4 0-0 15. Nxe6 fxe6 16. 0-0 Qe7 17. Qb3 Nfd4 18. Nxd4 Nxd4 19. Qd3 Nc6 20. Qh3 Nxe5 21. Rad1 Qf6 22. Bd3 Nxd3 23. Rxd3 Rae8 24. b3 e5 25. Rd7 Re7 26. Rd2 e4 27. g3 Re5 28. f3 Rf5 29. f4 g5 30. Rd7 h6 31. Qg4 Rf7 32. Rxf7 Kxf7 33. Qh5+ Kf8 34. Re1 gxf4 35. Qe2 f3 36. Qxe4 f2+ 0-1

[Event "Hessen-ch U12"]
[Site "Bad Homburg"]
[Date "2012.??.??"]
[Round "4"]
[White "Ma, Tommy"]
[Black "Ruhl, Moritz"]
[Result "0-1"]
[WhiteElo "793"]
[BlackElo "1038"]
[PlyCount "52"]
[EventDate "2012.04.??"]
[EventType "swiss"]
[EventRounds "9"]
[EventCountry "GER"]
[SourceTitle "EXT 2015"]
[Source "ChessBase"]
[SourceDate "2014.11.20"]
[SourceVersion "1"]
[SourceVersionDate "2014.11.20"]
[SourceQuality "1"]

1. d4 d5 2. c4 e6 3. cxd5 exd5 4. Nc3 Nc6 5. Bf4 Bd7 6. e3 a6 7. Nf3 Nf6 8. Bd3 Be7 9. 0-0 0-0 10. Re1 Nb4 11. a3 Nxd3 12. Qxd3 Qc8 13. e4 dxe4 14. Nxe4 Bf5 15. Nxf6+ Bxf6 16. Qc3 c6 17. Ne5 Qd8 18. Rad1 Re8 19. h3 Qd5 20. Qg3 Rad8 21. Ng4 Rxe1+ 22. Rxe1 Bxg4 23. Qxg4 Qxd4 24. Bc7 Qxg4 25. Bxd8 Qd7 26. Bb6 h6 0-1